书目信息 |
| 题名: |
国家司法考试民法要义
|
|
| 作者: | 王利 编著 | |
| 分册: | ||
| 出版信息: | 北京 中国政法大学出版社 2012 |
|
| 页数: | 252页 | |
| 开本: | 26cm | |
| 丛书名: | ||
| 单 册: | ||
| 中图分类: | D923.04 | |
| 科图分类: | ||
| 主题词: | 民法--中国--考核--自学参考资料 , 民法 | |
| 电子资源: | ||
| ISBN: | 978-7-5620-4316-4 | |
| 000 | 00780nam0 22002411 450 | |
| 001 | 519 | |
| 005 | 20140908083308.93 | |
| 010 | @a978-7-5620-4316-4@dCNY32.00 | |
| 100 | @a20130115d2012 em y0chiy50 ea | |
| 101 | 0 | @achi |
| 102 | @aCN@b110000 | |
| 105 | @ay z 000yy | |
| 106 | @ar | |
| 200 | 1 | @a国家司法考试民法要义@AGuo Jia Si Fa Kao Shi Min Fa Yao Yi@f王利编著@FWang Li Bian Zhu |
| 210 | @a北京@c中国政法大学出版社@d2012 | |
| 215 | @a252页@d26cm | |
| 330 | @a本书共分为六编,主要内容包括:民法总论、债法总论、合同法、物权法、侵权责任法、婚姻家庭与继承法。 | |
| 606 | 0 | @a民法@y中国@x考核@j自学参考资料 |
| 606 | 0 | @a民法 |
| 690 | @aD923.04@v5 | |
| 701 | 0 | @a王利@AWang Li@g(司法考试)@4编著 |
| 801 | 0 | @aCN@bTANGWEI@c20140603 |
| 905 | @b0837666-68@dD923.04@e1179@f3 | |
| 国家司法考试民法要义/王利编著.-北京:中国政法大学出版社,2012 |
| 252页;26cm |
| ISBN 978-7-5620-4316-4:CNY32.00 |
| 本书共分为六编,主要内容包括:民法总论、债法总论、合同法、物权法、侵权责任法、婚姻家庭与继承法。 |
| ● |
| 相关链接 |
|
|
|
|
正题名:国家司法考试民法要义
索取号:D923.04/1179
 
预约/预借
| 序号 | 登录号 | 条形码 | 馆藏地/架位号 | 状态 | 备注 |
| 1 | 0837666 | 208376666 | 第一样本阅览室/ [索取号:D923.04/1179] | 在馆 | |
| 2 | 0837667 | 208376675 | 密集书库-史法系/ [索取号:D923.04/1179] | 在馆 | |
| 3 | 0837668 | 208376684 | 第一借阅区/ [索取号:D923.04/1179] | 在馆 |